000 00274nam a22001097a 4500
082 _a604.2 WAR'E
100 _aWARD, G. B. C
_940209
245 _aENGINEERING DRAWING JUNIOR TECHANICAL SCHOOL
260 _aLONDON
_bENGLISH UNIVERSITIES
_c1956
300 _a195P
942 _cBK
999 _c567548
_d567548